Fr. Conceicao Rodrigues College of Engineering

Everyday cryptography (Record no. 27880)

MARC details
000 -LEADER
fixed length control field 00343nam a2200169Ia 4500
082 ## - DEWEY DECIMAL CLASSIFICATION NUMBER
Item number MAR
100 ## - MAIN ENTRY--PERSONAL NAME
Personal name Martin/Keith M
245 ## - TITLE STATEMENT
Title Everyday cryptography
260 ## - PUBLICATION, DISTRIBUTION, ETC.
Name of publisher, distributor, etc. Oxford
Date of publication, distribution, etc. 2012
366 ## - TRADE AVAILABILITY INFORMATION
Publishers's discount category 25
300 ## - PHYSICAL DESCRIPTION
Extent 530
546 ## - LANGUAGE NOTE
Language note ENGLISH
-- Computers
650 ## - SUBJECT ADDED ENTRY--TOPICAL TERM
Topical term or geographic name entry element Cryptography
654 ## - SUBJECT ADDED ENTRY--FACETED TOPICAL TERMS
Focus term cryptography
942 ## - ADDED ENTRY ELEMENTS (KOHA)
Koha item type BOOK
Holdings
Withdrawn status Lost status Damaged status Not for loan Collection Home library Current library Date acquired Source of acquisition Cost, normal purchase price Inventory number Total Checkouts Full call number Barcode Date last seen Cost, replacement price Price effective from Koha item type
        CRC Fr. Agnel's C.Rodrigues College of Engineering Fr. Agnel's C.Rodrigues College of Engineering 17/03/2023 Allied Publishers 378.75 900 dt 06.01.2017   MAR 24500 17/03/2023 505.00   BOOK